Mentes Creativas: Una anatomía de la creatividad
Saved in:
| Hovedforfatter: | |
|---|---|
| Format: | Bog |
| Sprog: | spansk |
| Udgivet: |
Barcelona
Paidós
1998
|
| Udgivelse: | 1a. ed |
| Serier: | Colección Transiciones, 13
|
| Fag: | |
| Tags: |
Tilføj Tag
Ingen Tags, Vær først til at tagge denne postø!
|
MARC
| LEADER | 00000nam a2200000 a 4500 | ||
|---|---|---|---|
| 001 | UCH3188 | ||
| 003 | CL-VaPUC | ||
| 008 | 090715e19980000SP |||||||||||||||||spa|d | ||
| 020 | |a 8449305926 | ||
| 082 | 0 | 4 | |a 153.35 |b GAR |2 21 |
| 100 | |a Gardner, Howard |e author |9 245668 | ||
| 245 | 1 | 0 | |a Mentes Creativas: Una anatomía de la creatividad |
| 250 | |a 1a. ed | ||
| 300 | |a 459 p | ||
| 942 | |c BK | ||
| 945 | |d 20090715 00:00:00 |a dcastane | ||
| 260 | |a Barcelona |b Paidós |c 1998 | ||
| 650 | 0 | |a Creatividad |9 310816 | |
| 650 | 0 | |a Biografías |9 255210 | |
| 650 | 0 | |a Desarrollo individual |9 307875 | |
| 583 | |a last modification |c 20111221 03:25:10 |k Rodrigo Vera | ||
| 490 | 0 | |a Colección Transiciones, 13 | |
| 999 | |c 334812 |d 334810 | ||